000 01254nam a2200361Ia 4500
001 Z_6649
003 CHAP
005 20231013150422.0
008 220113s2012 xx 000 0 und d
010 _a169921
040 _cCHAP
090 _aTesis R65 2356
100 _aRojas López, Oscar
_999331
245 _aIndicadores productivos del pastoreo en una unidad de producción de cría ovina /
_cOscar Rojas López
260 _aMéxico :
_bEl autor,
_c2012
300 _aCD
502 _aTesis (Maestro en Ciencias en Innovación Ganadera) -- UACh, 2012 \ Dirección: Ricardo Daniel Améndola Massiotti; asesoría: Jorge Luis Tórtora Pérez y Maximino Huerta Bravo
650 _aCarga animal
_9145475
650 _aClima templado
_923862
650 _aCría
_9145476
650 _aGanado ovino
_9139065
650 _aMedicago sativa
_9145114
650 _aPastoreo
_985984
700 _a Huerta Bravo, Maximino, asesor
_9137843
700 _a Tórtora Pérez, Jorge Luis, asesor
_9145477
700 _aAméndola Massiotti, Ricardo Daniel, director
_9145116
856 4 2 _uhttp://10.13.5.2/tesis/115255.pdf
_yDescargar PDF
901 _aTESIS R65 2356
902 _aA
910 _a2012
942 _c2
_2ddc
942 _c2
_2ddc
999 _c169921
_d169921